000
00309nam a22001337a 4500
008
170725b xxu||||| |||| 00| 0 eng d
020
_a
9781890774479
041
_a
eng
080
_a
004
100
_a
29
101
_a
SHKI
245
_a
ASP.NET 3.5 WEB PROGRAMMING WITH VB 2008
_c
BOEHM, A
942
_2
udc
_c
BK
999
_c
21893
_d
21893